| 000 | 00545cam a2200193 a 4500 | ||
|---|---|---|---|
| 001 | 000009847 | ||
| 005 | 20200929161729.0 | ||
| 008 | 780607s1974 ve 000 p spa | ||
| 040 |
_aDO-SdBNP _bspa _cBNPHU |
||
| 082 |
_aV861.44 _bS684c |
||
| 100 | 1 |
_aSola, Otto de, _d1912-1975. _924768 |
|
| 245 | 1 | 3 |
_aLa civilización / _cOtto de Sola. |
| 260 |
_aCaracas : _bMonte Ávila, _c1974. |
||
| 300 |
_a95 p. ; _c20 cm. |
||
| 490 | 0 | _aAlcance | |
| 650 | 4 |
_aPoesía venezolana _94230 |
|
| 650 | 4 |
_aLiteratura venezolana _93816 |
|
| 830 | 0 |
_aAlcance _924769 |
|
| 999 |
_c9606 _d9606 |
||